000 00749nam a2200181Ia 4500
003 OSt
005 20251208090340.0
007 ca aa aaaaa
008 201103s9999 xx 000 0 und d
040 _cSSBUL
041 _abur
082 _a၂၉၄.၃၆၁၁
_bဇီ
245 0 _aဇီဝိတဒါနသံဃာ့ဆေးရုံကြီး(ရန်ကုန်) ၂၀၁၀ ခုနှစ်ကျပ်တစ်သိန်းနှင့်အထက်ပဒေသာပင်အလှူရှင်များမော်ကွန်းမှတ်တမ်း။
300 _a၃၉၈ စာမျက်နှာ ၊
_c၂၀ စင်တီ။
500 _aS-SAT: Dr. Sai Aung Tun
942 _cBK1
942 _2ddc
999 _c16817
_d16817